Statistiques concernant Culture Générale - Série 1144

Cliquez ici pour prendre le quiz!

Statistiques générales

  • Ce quiz a été pris 31 fois
  • Le résultat moyen est 3 sur 10

Statistiques - réponses

Question Réponse % Correct
Dans quel pays se trouve l'île d'Ios ?Grèce
94%
Complétez ce titre d'un roman de John Le Carré : "L'Espion qui venait du...froid
84%
Complétez le titre du film de John Huston de 1941, "Le faucon ...maltais
65%
Leurre fait d'un drap de serge rouge monté sur bâton et réservé à l'usage exclusif du matador pendant la faenamuleta
39%
Quel est le prénom du nommé Roussel, chanteur du groupe "Louise attaque" ?Gaêtan
35%
Nom donné à une alouette en 4 lettreslulu
3%
Ville italienne surnommée "la terre des lacs"pour les sept bassins qui la baignent.Varese
0%
Cataplasme à base de farine de moutarde noiresinapisme
0%
Gros crapaud et instrument de musique en 4 lettrespipa
0%
Dieu de la fertilité dans la mythologie grecque,protecteur des jardins et des troupeauxPriape
0%

Distribution des résultats

Percentile par nombre de réponses

% des personnes avec chaque résultat

Votre développement - résultats

Vous n’avez pas pris ce quiz